000 00262nam a2200109Ia 4500
008 190216s9999||||xx |||||||||||||| ||und||
100 _aRampratheep Thripathi
245 0 _aHindi-Cheba Dura Kajana
260 _bSumithra Prakashan
650 _aHindi
942 _cBK
999 _c15259
_d15259